Hiihdon maailmancupissa top3:n yltäneet naishiihtäjät 2000-luvulla - Statistics

Yleistilastot
  • Tätä visaa on pelattu 60 kertaa
  • Keskiarvotulos 37 / 140
Vastaustilastot
Kansalaisuus Podiumien määrä Hiihtäjä % Oikein
Suomi 35 Aino-Kaisa Saarinen
95%
Suomi 33 Krista Pärmäkoski
95%
Suomi 26 Kerttu Niskanen
92%
Norja 145 Therese Johaug
92%
Suomi 52 Virpi Kuitunen
90%
Yhdysvallat 76 Jessie Diggins
87%
Norja 175 Marit Björgen
87%
Suomi 2 Jasmi Joensuu
85%
Ruotsi 30 Linn Svahn
85%
Ruotsi 43 Ebba Andersson
82%
Norja 118 Heidi Weng
82%
Norja 3 Lotta Udnes Weng
82%
Norja 11 Tiril Udnes Weng
82%
Suomi 4 Johanna Matintalo
79%
Ruotsi 45 Jonna Sundling
79%
Ruotsi 8 Lina Andersson
79%
Ruotsi 30 Frida Karlsson
74%
Yhdysvallat 11 Rosie Brennan
69%
Ruotsi 52 Charlotte Kalla
67%
Norja 23 Kristine Stavås Skistad
62%
Saksa 9 Victoria Carl
62%
Ruotsi 9 Moa Ilar
59%
Sveitsi 20 Nadine Fähndrich
59%
Suomi 15 Pirjo Muranen
59%
Suomi 8 Riitta-Liisa Roponen
59%
Slovenia 14 Anamarija Lampic
56%
Ruotsi 10 Johanna Hagström
56%
Ruotsi 3 Anna Haag
54%
Ruotsi 38 Stina Nilsson
54%
Itävalta 8 Teresa Stadlober
54%
Suomi 9 Kaisa Varis
51%
Suomi 9 Anne Kyllönen
49%
Norja 19 Astrid Öyre Slind
49%
Norja 67 Ingvild Flugstad Östberg
49%
Yhdysvallat 28 Kikkan Randall
49%
Ruotsi 35 Maja Dahlqvist
49%
Venäjä 26 Natalia Nepryaeva
49%
Venäjä 9 Yulia Stupak
49%
Saksa 2 Laura Gimmler
46%
Norja 1 Silje Öyre Slind
46%
Saksa 5 Coletta Rydzek
44%
Suomi 1 Mona-Liisa Nousiainen
44%
Yhdysvallat 2 Julia Kern
41%
Norja 55 Maiken Caspersen Falla
41%
Slovenia 49 Petra Majdic
41%
Ranska 6 Delphine Claudel
38%
Ruotsi 11 Emma Ribom
38%
Saksa 11 Katharina Hennig-Dotzler
38%
Norja 9 Ragnhild Haga
38%
Norja 42 Astrid Uhrenholdt Jacobsen
36%
Norja 43 Bente Martinsen Skari
33%
Norja 3 Julie Myhre
33%
Puola 102 Justyna Kowalczyk
31%
Norja 4 Mathilde Myhrvold
31%
Yhdysvallat 2 Sophia Laukli
31%
Norja 5 Anne Kjersti Kalvå
28%
Saksa 6 Denise Herrmann
28%
Yhdysvallat 1 Hailey Swirbul
26%
Ruotsi 10 Ida Ingemarsdotter
26%
Norja 2 Karoline Simpson-Larsen
26%
Norja 22 Kristin Störmer Steira
26%
Ruotsi 11 Hanna Falk
21%
Sveitsi 5 Laurien van der Graaff
21%
Yhdysvallat 2 Elizabeth Stephen
18%
Ruotsi 1 Jennie Öberg
15%
Saksa 8 Manuela Henkel
15%
Norja 8 Celine Brun-Lie
13%
Norja 1 Helene Marie Fossesholm
13%
Norja 1 Nora Sanness
13%
Tsekki 34 Katerina Neumannova
10%
Yhdysvallat 10 Sophie Caldwell Hamilton
10%
Italia 18 Stefania Belmondo
10%
Venäjä 2 Tatiana Sorina
10%
Norja 14 Vibeke Westbye Skofterud
10%
Italia 23 Arianna Follis
8%
Slovenia 3 Katja Visnar
8%
Viro 44 Kristina Smigun-Vähi
8%
Venäjä 17 Larissa Lazutina
8%
Japani 2 Masako Ishida
8%
Venäjä 8 Natalia Korosteleva
8%
Kanada 15 Beckie Scott
5%
Italia 18 Gabriella Paruzzi
5%
Suomi 1 Kati Venäläinen
5%
Venäjä 11 Olga Danilova
5%
Ukraina 18 Valentina Shevchenko
5%
Ruotsi 14 Anna Dahlberg
3%
Saksa 25 Claudia Kunzel-Nystad
3%
Italia 9 Marianna Longa
3%
Norja 1 Marte Elden
3%
Yhdysvallat 7 Sadie Maubet Bjornsen
3%
Saksa 1 Sandra Ringwald
3%
Kanada 4 Sara Renner
3%
Venäjä 4 Yulia Tchekaleva
3%
Slovakia 6 Alena Prochazkova
0%
Venäjä 2 Alena Sidko
0%
Venäjä 2 Anastasia Dotsenko
0%
Venäjä 3 Anastasia Kuleshova
0%
Norja 12 Anita Moen
0%
Suomi 1 Annmari Viljanmaa
0%
Ranska 1 Aurore Jean
0%
Kanada 5 Chandra Crawford
0%
Venäjä 2 Elena Burukina
0%
Kazakstan 1 Elena Kolomina
0%
Suomi 2 Elina Hietamäki
0%
Norja 7 Ella Gjömle
0%
Venäjä 1 Evgeniya Hahina
0%
Venäjä 5 Evgeniya Medvedeva-Abruzova
0%
Venäjä 3 Evgeniya Shapovalova
0%
Saksa 12 Evi Sachenbacher-Stehle
0%
Norja 2 Guro Ström Solli
0%
Ruotsi 3 Hanna Erikson
0%
Norja 13 Hilde Gjermundshaug Pedersen
0%
Yhdysvallat 1 Ida Sargent
0%
Venäjä 3 Irina Khazova
0%
Venäjä 3 Julia Ivanova
0%
Venäjä 30 Julija Tchepalova
0%
Ranska 2 Karine Philippot
0%
Norja 1 Kathrine Rolsted Harsem
0%
Saksa 1 Katrin Zeller
0%
Suomi 2 Kirsi Välimaa
0%
Venäjä 1 Lilia Vasilieva
0%
Japani 1 Madoka Natsumi
0%
Italia 5 Magda Genuin
0%
Norja 4 Maj Helen Sorkmo
0%
Norja 6 Marthe Kristoffersen
0%
Norja 1 Martine Ek Hagen
0%
Venäjä 2 Natalia Baranova
0%
Venäjä 12 Natalia Matveeva
0%
Saksa 3 Nicole Fessel
0%
Venäjä 7 Nina Gavriljuk
0%
Venäjä 1 Olga Rotcheva
0%
Venäjä 13 Olga Savialova
0%
Venäjä 1 Olga Shuchkina
0%
Italia 10 Sabina Valbusa
0%
Saksa 3 Stefanie Böhler
0%
Kazakstan 1 Svetlana Malahova
0%
Valko-Venäjä 3 Swetlana Nageikina
0%
Puola 1 Sylwia Jaskowiec
0%
Slovenia 5 Vesna Fabjan
0%
Saksa 1 Viola Bauer
0%
Ehtoja vastaavia visoja ei löytynyt
Tulosjakauma
Jokaisen tuloksen saaneiden osuus
Persentiili vastausten määrän mukaan
Tuloshistoriasi
Et ole pelannut tätä visaa